000 00608nam a2200181 4500
001 111472
003 ES-MaACL
005 20230906185316.0
007 t|
008 061121s1930 sp r ||||1| spa d
100 1 _aNake, José W.
_984879
245 1 0 _aDiccionario Alemán - Español
_b: Terminología de Ciencias Médicas, Químicas etc. /
_cJosé W. Nake ; revisado por el Dr. Garrido y el Dr. Quintana.
260 _aMadrid :
_b[s.n.],
_c1930 (
_fBlas S. A.)
300 _a451 p. ;
_c16 cm.
700 1 _aGarrido, Dr.
_955669
700 1 _aQuintana, Dr.
_994656
852 _aES-MaACL
_jA-5142
_bR.18078
999 _c111472
_d111472